000 00718nam a2200241 a 4500
001 10879
003 CO-ViMGA
008 141112s2004 ck r 000 u spa d
040 _aCO-ViMGA
_bspa
_cCO-ViMGA
082 0 4 _aCo864.6 A71ci
100 1 _aArango, Daniel
_914886
245 1 0 _aLa ciudad de Is
250 _a1
260 _aBogotá,
_cInstituto Caro y Cuervo
300 _a603 p.
490 _aLa granada entreabierta, 81
500 _aFecha : 1996
650 1 4 _aCINE Y LITERATURA - ENSAYOS, CONFERENCIAS
_914887
650 1 4 _aENSAYOS COLOMBIANOS
_91215
650 1 4 _aLITERATURA COLOMBIANA - ENSAYOS CONFERENCIAS
_914888
650 1 4 _aPolĂ­tica EDUCATIVA - ENSAYOS, CONFERENCIAS
_914889
942 _2ddc
_cBK
999 _c22099
_d22099